| 000 | 00581pam a2200217 a 4500 | ||
|---|---|---|---|
| 020 | _c8736.00 | ||
| 040 | _aMedical College Lib. | ||
| 041 |
_aENG _hENG |
||
| 082 |
_a616.07543 _bTAY |
||
| 100 | _aTaylor, Kenneth J. W.. | ||
| 245 |
_aClinical Applications of Doppler Ultrasound / _c _hTextual Documents |
||
| 250 |
_a2nd / _b. |
||
| 260 |
_a : _bLippincott-Raven , _c1995. |
||
| 300 |
_a415 ; _c |
||
| 365 | _a8736.00 | ||
| 653 |
_aRadiology _aMedical Science |
||
| 907 | _a8569 | ||
| 930 | _a5748 | ||
| 999 |
_c5747 _d5747 |
||